| 000 | 00353nam a2200133Ia 4500 | ||
|---|---|---|---|
| 100 | _aAmrine/ H.T/ Ritchey/ J.A | ||
| 942 | _cBK | ||
| 654 | _aManufacturing Organization And Management | ||
| 245 | _aManufacturing Organization And Management | ||
| 260 |
_bPrentice Hall of India _aNew Delhi _c1983 |
||
| 082 | _a658 | ||
| 300 | _a529 | ||
| 546 | _aENGLISH | ||
| 999 |
_c35607 _d35607 |
||